Countries with the most N.P.P - Statistics

General Stats
  • This quiz has been taken 8 times
  • The average score is 21 of 26
Answer Stats
Hint Answer % Correct
12 Australia
100%
23 Canada
100%
9 China
100%
62 France
100%
107 Germany
100%
20 Italy
100%
26 Japan
100%
23 Russia
100%
8 Spain
100%
10 India
86%
13 Norway
86%
30 Sweden
86%
132 UK
86%
368 USA
86%
21 Austria
71%
14 Denmark
71%
20 Netherlands
71%
12 Poland
71%
26 Switzerland
71%
5 Argentina
57%
10 Belgium
57%
5 Czech Republic
57%
9 Hungary
57%
7 Ireland
57%
12 Israel
43%
10 South Africa
43%
No matching quizzes found
Score Distribution
Percent of People with Each Score
Percentile by Number Answered
Your Score History
You have not taken this quiz